Public Administration (Record no. 343608)
[ view plain ]
| 000 -LEADER | |
|---|---|
| fixed length control field | 00478 a2200181 4500 |
| 020 ## - INTERNATIONAL STANDARD BOOK NUMBER | |
| International Standard Book Number | 8121903408 |
| 024 ## - OTHER STANDARD IDENTIFIER | |
| Standard number or code | 9788121903400 |
| 082 ## - DEWEY DECIMAL CLASSIFICATION NUMBER | |
| Classification number | 352.14 |
| 090 ## - LOCALLY ASSIGNED LC-TYPE CALL NUMBER (OCLC); LOCAL CALL NUMBER (RLIN) | |
| -- | 1074 |
| -- | 1074 |
| 100 ## - MAIN ENTRY--PERSONAL NAME | |
| Personal name | Bhagwan, Vishnoo. |
| 245 ## - TITLE STATEMENT | |
| Title | Public Administration |
| Statement of responsibility, etc. | Vishnoo Bhagwan |
| Medium | Vidya Bhushgan |
| 260 ## - PUBLICATION, DISTRIBUTION, ETC. | |
| Place of publication, distribution, etc. | New Delhi |
| Name of publisher, distributor, etc. | S. Chand & Company LTD. |
| Date of publication, distribution, etc. | 1998 |
| 300 ## - PHYSICAL DESCRIPTION | |
| Extent | 814 |
| 500 ## - GENERAL NOTE | |
| General note | Paper Cover |
| 600 ## - SUBJECT ADDED ENTRY--PERSONAL NAME | |
| Personal name | Bhagwan, Vishnoo. |
| 700 ## - ADDED ENTRY--PERSONAL NAME | |
| Personal name | Bhagwan, Vishnoo. |
| 942 ## - ADDED ENTRY ELEMENTS (KOHA) | |
| Institution code [OBSOLETE] | NBS |
| Koha item type | Book |
| Call number prefix | 352.14 BHA |
| Withdrawn status | Lost status | Damaged status | Not for loan | Permanent Location | Current Location | Date acquired | Total Checkouts | Total Renewals | Full call number | Barcode | Checked out | Date last seen | Date last checked out | Price effective from | Koha item type |
|---|---|---|---|---|---|---|---|---|---|---|---|---|---|---|---|
| Central Library (CL) | Central Library (CL) | 08/28/2013 | 4 | 3 | 352.14 BHA | NBS2438 | 10/19/2023 | 09/19/2023 | 09/19/2023 | 08/28/2013 | Book |
